| 000 | 00466cam a2200193ua 4500 | ||
|---|---|---|---|
| 020 | _c4.80 | ||
| 041 |
_aeng _h |
||
| 082 |
_a372.6521 _bFRE/TE |
||
| 100 | _aFrench, F G . | ||
| 245 |
_aTeaching of English abroad / _cF G French. _hTextual Documents |
||
| 250 |
_a1 / _b. |
||
| 260 |
_aLondon : _bOxford University Press , _c1962. |
||
| 300 | _a174 ; . | ||
| 365 | _a4.80 | ||
| 504 | _a | ||
| 942 | _cBK | ||
| 999 |
_c12136 _d12136 |
||